Esteban Lisa (Record no. 13557)

MARC details
000 - LÍDER
campo de control de longitud fija 01385nam a2200265Ia 4500
008 - ELEMENTOS DE DATOS DE LONGITUD FIJA - INFORMACIÓN GENERAL
campo de control de longitud fija 0000002013 sp ad 0000000000mul00
020 ## - INTERNATIONAL STANDARD BOOK NUMBER
International Standard Book Number 9788492462315
090 ## - NÚMERO DE LLAMADA DE TIPO LC LOCALMENTE ASIGNADO (OCLC)
Número de clasificación (OCLC) (R) PSP00 B31e
110 1# - ENTRADA PRINCIPAL - NOMBRE CORPORATIVO
Nombre corporativo o nombre de jurisdicción como elemento de entrada Biblioteca Nacional de España. Madrid
245 10 - TÍTULO DECLARACIÓN
Título Esteban Lisa
Resto del título : retornos, Toledo, 1895, Buenos Aires 1983
Declaración de responsabilidad / Biblioteca NAcional de España ; textos Artur Ramos ...[et al.] ; traducción Laura Suffield ; fotografías Gonzalo de la Serna, Santiago Torralba
260 ## - PUBLICACIÓN, DISTRIBUCIÓN
Lugar de publicación Madrid : Gobierno de España
Fecha de publicación 2013
300 ## - DESCRIPCIÓN FÍSICA
Alcance 294 p.
Dimensiones / 26 cm.
500 ## - NOTA GENERAL
Nota general Exposición realizada en la Biblioteca Nacional de España, Madrid entre septiembre y noviembre de 2013 y en el Museo de Santa Cruz de Toledo entre diciembre de 2013 y junio de 2014 \ Incluye datos biográficos y cronología artística \ Textos en español e inglés
600 00 - ENTRADA DE SUJETO AÑADIDO - NOMBRE PERSONAL
Nombre de la persona LISA, ESTEBAN, 18951983/
Subdivisión general TRABAJOS PICTORICOS
610 ## - ENTRADA DE SUJETO AÑADIDO - NOMBRE CORPORATIVO
Nombre corporativo o nombre de jurisdicción como elemento de entrada BIBLIOTECA NACIONAL DE ESPAñA. MADRID./
Subdivisión general EXPOSICIONES/
-- CATALOGOS
650 14 - ENTRADA DE SUJETO AÑADIDO - TÉRMINO TÓPICO
Término tópico o elemento de entrada del nombre geográfico PINTURA ESPAÑOLA
650 14 - ENTRADA DE SUJETO AÑADIDO - TÉRMINO TÓPICO
Término tópico o elemento de entrada del nombre geográfico ARTISTAS PLASTICOS ESPAÑOLES
650 14 - ENTRADA DE SUJETO AÑADIDO - TÉRMINO TÓPICO
Subdivisión general CATALOGOS
650 14 - ENTRADA DE SUJETO AÑADIDO - TÉRMINO TÓPICO
Subdivisión general EXPOSICIONES
650 14 - ENTRADA DE SUJETO AÑADIDO - TÉRMINO TÓPICO
Término tópico o elemento de entrada del nombre geográfico PINTORES ESPAÑOLES
650 14 - ENTRADA DE SUJETO AÑADIDO - TÉRMINO TÓPICO
Término tópico o elemento de entrada del nombre geográfico PINTURA ESPAÑOLA
650 14 - ENTRADA DE SUJETO AÑADIDO - TÉRMINO TÓPICO
Término tópico o elemento de entrada del nombre geográfico SIGLO XX
700 1# - ENTRADA AGREGADA - NOMBRE PERSONAL
Nombre de la persona Ramon, Artur, 1967 \ Cereceda, Miguel \ Leclercq, Stefan \ Herzberg, Julia P. \ Sánchez Gil, Julio
Holdings
Estado de retirada Pérdida de estatus Estado dañado No para préstamo Código de recogida Ubicación permanente Ubicación actual Ubicación de las estanterías Fecha de adquisición Número de llamada completo Código de barras Fecha de la última vez que se vio Número de copia Precio efectivo desde Tipo de artículo Koha
        General ArtNexus ArtNexus General 06/09/2022 P-SP-00 B31E 13729 06/09/2022 Ej.1 06/09/2022 Libro

Powered by Koha